000 00685cam a22002057i 4500
999 _c128662
_d128662
001 3653138
003 ARRUPE
005 20181128103413.0
008 770421s1977 nyua 000 0 eng
010 _a 76041930
020 _a0312467958
040 _aDLC
_cDLC
_dDLC
050 0 0 _aP25
_b.C555 1977
100 1 _aClark, Virginia P. (ed.)
_943669
245 1 0 _aLanguage :
_bintroductory readings /
_cedited by Virginia P. Clark, Paul A. Eschholz, Alfred F. Rosa
250 _a2d ed.
260 _aNew York :
_bSt. Martin's Press,
_cc1977.
300 _a532 p. :
_bill. ;
_c24 cm.
650 _aLanguage and languages
_916092
650 _aLinguistics
_97660
700 _aEschholz, Paul
_eed.
_943684
700 _aRosa, Alfred
_eed.
_943685
906 _a7
_bcbc
_corignew
_d2
_eocip
_f19
_gy-gencatlg
942 _2lcc
_cMONOGRAPH